000 01196aam a2200445a 44500
008 930106s1991 cat
017 _aB-8441-1991
020 _a8477392099
041 _acat
041 _beng
041 _bfre
041 _bspa
080 _a796.323(038)
110 _aTERMCAT
_960609
245 _aDiccionari de basquetbol
_cTERMCAT, Centre de Terminologia
260 _aBarcelona
_bEnciclopèdia Catalana
_c1991
300 _a87 p.
_c20 cm.
490 _aDiccionaris dels Esports Olímpics;
_v1
500 _aBibliografia: p. 85-87. Indexs castellà, francès i anglès
500 _aCategoria gramatical, arbre de camp
500 _btermcat
520 _a403
546 _acatalà
591 _aBASQUET
592 _aObra terminològica
593 _aVKA
594 _a2834
650 _abasquetbol
_960729
830 _aDiccionaris dels Esports Olímpics;
_v1
_966809
901 _c<1991>
902 _a930106
942 _cMO
_n0
_2ddc
999 _c55592
_d55592